| 000 | 00586nam a2200205 i 4500 | ||
|---|---|---|---|
| 001 | bg | ||
| 100 | 1 | _aAKSELRUD, Grigorij Abramovic | |
| 245 | 0 |
_aRuch masy w ciałach porowatych / _cG.A. Aksielrud, M.A. Altszuler. |
|
| 260 |
_aWarszawa, _c1987. |
||
| 490 | 1 | _aInżynieria Chemiczna | |
| 700 | 1 | _aALTSULER, Mark Avramovic | |
| 700 | 1 | _aAksielrud, Grigorij Abramowicz. | |
| 700 | 1 | _aAltszuler, Mark Awramowicz. | |
| 830 | _aInżynieria Chemiczna | ||
| 040 | _cBPK | ||
| 041 | _apol | ||
| 080 | _a539.19:532:541.18 | ||
| 942 | _cKS | ||
| 008 | s pl f |000 0 pol | ||
| 999 |
_c23395 _d23395 |
||
| 856 |
_uhttp://koha.tu.koszalin.pl/cgi-bin/koha/opac-detail.pl?biblionumber=23395 _yKatalog online BPK |
||